Свихнувшееся время: Сборник : Перевод с англ.

Xehetasun bibliografikoak
Egile nagusia: Дик Ф. К. Филип Кинред
Beste egile batzuk: Баканов В. (составитель), Шехов С. Б. (иллюстратор)
Gaia:Исключено из фонда НТБ ТПУ
Hizkuntza:errusiera
Argitaratua: Москва, Культура : АО "Титул", 1993
Formatua: Liburua
KOHA link:https://koha.lib.tpu.ru/cgi-bin/koha/opac-detail.pl?biblionumber=126463

MARC

LEADER 00000nam0a2200000 4500
001 126463
005 20231031131859.0
010 |a 5847402635 
020 |a RU  |b 93-19057 
035 |a (RuTPU)RU\TPU\book\136812 
090 |a 126463 
100 |a 20071128d1993 m y0rusy5003 ca 
101 1 |a rus  |c eng 
102 |a RU 
105 |a a z 000ay 
200 1 |a Свихнувшееся время  |e Сборник : Перевод с англ.   |f Ф. К. Дик  |g сост. В. Баканов ; худож. С. Б. Шехов 
210 |a Москва  |c Культура : АО "Титул"  |d 1993 
215 |a 473,[4] с.  |c ил. 
333 |a Исключено из фонда НТБ ТПУ 
700 1 |a Дик  |b Ф. К.  |g Филип Кинред 
702 1 |a Баканов  |b В.  |4 220 
702 1 |a Шехов  |b С. Б.  |4 440 
801 0 |a RU  |b RuMRKP  |c 19950413  |g psbo 
801 1 |a RU  |b 63413507  |c 20071128  |g PSBO 
801 2 |a RU  |b 63413507  |c 20220422  |g PSBO 
942 |c BK